| 000 | 00497nam a2200205Ia 4500 | ||
|---|---|---|---|
| 005 | 20250210010852.0 | ||
| 008 | 240331s9999 xx 000 0 und d | ||
| 020 | _a041590451X | ||
| 082 |
_bALC _23735 _a305.401 |
||
| 245 | 0 | _aFeminist epistemologies | |
| 260 |
_aNew York; _aLondon _bRoutledge _c1993 |
||
| 300 | _avii, 312 p., | ||
| 650 | _aFeminism | ||
| 650 | _aEpistemology | ||
| 650 | _aGender | ||
| 650 | _aWomen | ||
| 700 |
_aAlcoff, L _eedt |
||
| 700 |
_aPotter, E _eedt |
||
| 942 | _cL | ||
| 999 |
_c1741 _d1741 |
||